000 00321nam a22001337a 4500
008 181022b xxu||||| |||| 00| 0 eng d
020 _a9780072336931
041 _aeng
080 _28 ED
_a070
100 _a39
101 _aMED
245 _aAn Introduction To Human Communication
_cPearson.J.C
942 _2udc
_cBK
999 _c50430
_d50430